The Archaeology of Mainland Southeast Asia : (Record no. 579925)

MARC details
000 -LEADER
fixed length control field 00498nam a2200193 a 4500
001 - CONTROL NUMBER
control field 1754829520990
003 - CONTROL NUMBER IDENTIFIER
control field ACL
005 - DATE AND TIME OF LATEST TRANSACTION
control field 20250810181104.0
008 - FIXED-LENGTH DATA ELEMENTS--GENERAL INFORMATION
fixed length control field 250810s1991##################000#0#eng##
020 ## - INTERNATIONAL STANDARD BOOK NUMBER
International Standard Book Number 9780521275255
082 04 - DEWEY DECIMAL CLASSIFICATION NUMBER
Classification number 959.01
Item number HIG
040 ## - CATALOGING SOURCE
Original cataloging agency ACL
Language of cataloging eng
Transcribing agency ACL
100 1# - MAIN ENTRY--PERSONAL NAME
Personal name Higham, Charles,
Relator term author.
245 10 - TITLE STATEMENT
Title The Archaeology of Mainland Southeast Asia :
260 ## - PUBLICATION, DISTRIBUTION, ETC.
Name of publisher, distributor, etc. Cambridge University Press,
Date of publication, distribution, etc. 1991.
300 ## - PHYSICAL DESCRIPTION
Extent 408 pages
650 #0 - SUBJECT ADDED ENTRY--TOPICAL TERM
Topical term or geographic name entry element History.
942 ## - ADDED ENTRY ELEMENTS (KOHA)
Koha item type English Books
Holdings
Withdrawn status Lost status Damaged status Not for loan Home library Current library Shelving location Date acquired Total Checkouts Full call number Barcode Date last seen Price effective from Koha item type
        Anna Centenary Library Anna Centenary Library 7TH FLOOR, B WING 10.08.2025   959.01 HIG 234922 10.08.2025 10.08.2025 English Books

Find us on the map